Quizzes
Events
Quiz Creation
Community
Videos
Private Events
Remove Ads
Sign In
Join for FREE
Feedback
Dark Mode
Quiz Categories
Sports
Geography
Music
Movies
Television
Just For Fun
Miscellaneous
History
Literature
Language
Science
Gaming
Entertainment
Religion
Holiday
For Kids
Quiz Lab
Recent
Popular Today
Quiz Kudos Today
Editor Picks
Curator Picks
Quizzes by...
Day
Popularity
Type
Ratings
Length
Year
Community
Subscriptions
Recent Discussions
Orange Saloon
Badges
Playlists
Quests
Create
Leaderboards
Showdown
Live 5
Trivia Bingo
Activity
Puzzle Library
Sporcle Events
Private Events
Virtual Trivia
Globe League
Become a Host
Pub Owners
SporcleCon
Opinionation
Our Games
Videos
Blog
Mobile Apps
Partnerships
Remove Ads and Go Orange
Feedback
Entertainment
Celebrity
Famous
Musical
Broadway
Show
Quote
Comic Books
Anime
Superhero
DC Comics
Marvel
Cartoons
Animation
Entertainment
Celebrity
Famous
Musical
Broadway
Show
Quote
Comic Books
Anime
Superhero
DC Comics
Marvel
Cartoons
Animation
Random Quiz
Search Sporcle
×
Quiz Lab
Quiz Lab
Entertainment
Letter
Type in answers that appear in a list
Type in answers that appear in a list
Classic
Best Score? Go Orange.
Supheroes/villains/identities Stats
Can you name the supheroes villains and identities (including capital letters)?
By
mancunionpanther
15m
88 Questions
62 Plays
62 Plays
62 Plays
Comments
Comments
Give Quiz Kudos
Give Quiz Kudos
-
- Ratings
hide this ad
Replay
Link that replays current quiz
Next Quiz
Link to next quiz in quiz playlist
You Got
0%
They Got
Avg Score
10%
Avg Friend Score
Upgrade to see
Score Distribution
Jump to the score distribution portion of the page
Score
0/88
Timer
15:00
0
Plays Today
% Correct
Batman
74.2%
Superman
67.7%
Spiderman
54.8%
Bruce Wayne
54.8%
Joker
53.2%
Clark Kent
48.4%
Peter Parker
43.5%
Wolverine
35.5%
Penguin
29%
Robin
29%
Riddler
25.8%
Green Goblin
24.2%
Green Lantern
22.6%
Flash
22.6%
Poison Ivy
17.7%
Two Face
17.7%
Cyclops
17.7%
Green Arrow
17.7%
Storm
16.1%
Bane
14.5%
Aquaman
12.9%
Mr Freeze
12.9%
Professor X
12.9%
Venom
12.9%
Nightwing
12.9%
Harley Quinn
12.9%
Hal Jordan
11.3%
Incredible Hulk
11.3%
Iceman
11.3%
Magneto
11.3%
% Correct
Batgirl
11.3%
Supergirl
11.3%
Martian Manhunter
9.7%
Hawkman
8.1%
Killer Croc
8.1%
The Thing
8.1%
Deadpool
8.1%
Hawkgirl
6.5%
Sandman
6.5%
John Stewart
4.8%
Clayface
4.8%
Johnny Storm
4.8%
Edward Nigma
4.8%
Angel
4.8%
Shadow Cat
3.2%
Man-Bat
3.2%
Selina Kyle
3.2%
Oswald Cobblepot
3.2%
Captain Marvel
3.2%
Silver Surfer
3.2%
Raven
3.2%
Kyle Rayner
1.6%
Black Mask
1.6%
Waylon Jones
1.6%
Victor Fries
1.6%
Rouge
1.6%
Guy Gardner
1.6%
Alan Scott
1.6%
Deathstroke
1.6%
Doctor Octopus
1.6%
% Correct
Kingpin
1.6%
Lizard
1.6%
Mysterio
1.6%
Darkseid
1.6%
Vixen
1.6%
Radioactiveman
1.6%
Roman Sionis
0%
Ragdoll
0%
Namor
0%
Dusk
0%
Domino
0%
Eddie Brook
0%
Parallax
0%
Jade
0%
Boomerang
0%
Beetle
0%
Carnage
0%
Black Adam
0%
Electro
0%
Puma
0%
Rhino
0%
Scorpion
0%
Shocker
0%
Ambush
0%
Ultraman
0%
Blue Snowman
0%
Killer Shark
0%
B'wanna Beast
0%
Quiz Playlist
Details
Report
Send in Message
Add To Playlist
Classic:
Type in answers that appear in a list
Quiz Source
Last Updated: Feb 16, 2017
Quiz Scoreboard
CHALLENGE
Sign Up to Join the Scoreboard
Show All
Scores
Hide
Comments
May contain spoilers
Recently Published
Street Fighter Characters
by Artimus82
Gaming
60s
9x9 Crossword: Cartoon Network
by jackfrog10
Miscellaneous
3m
College Basketball Coaching Resumes
by pancakes188
Sports
9m
More to Explore
Quiz From the Vault
Featured Blog Post
Where Did the Easter Bunny Come From?
hide this ad
You Might Also Like...
Tags
Capital Quiz
Letter Quiz
Identity
Sphere
Villains
Today's Top Quizzes in Entertainment
Browse Entertainment
hide this ad
Today's Top Quizzes in Letter
Browse Letter
Top Contributed Quizzes in Entertainment
1
7-to-1: DC Comics Villains
2
Marvel Characters Bunker
3
Eurovision 2023 Logic Puzzle
4
Dragon Ball Z: Goku's Fights in Order
5
Sorting Pictures: Villains
6
Criteria Quickie: Cartoon Taxonomy II
7
7-to-1: One Piece
8
Mini Trivia Sudoku: Musicals
9
Fictional Villains Letter U Blitz
10
Kamen Rider Motifs
Explore More
Trending Topics
Kpop
NBA
Marvel
Harry Potter
Disney
Anime
Crossword
Song
Soccer
Country
WWE
The Office
NFL
Puzzle
Pokémon
hide this ad
More By:
mancunionpanther
Quiz
Plays
Rating
Category
Featured
Created
supheroes/villains/identities
62
1.67
Entertainment
Nov 6, 2010
Go to Creator's Profile
Score Distribution
Quiz Creator Spotlight
mancunionpanther
Follow
Send a Message
Quizzes Created
-
Created Quiz Play Count
-
More By This Creator
Popular Quizzes Today
1
Find the US States - No Outlines Minefield
2
Find the Countries of Europe - No Outlines Minefield
3
The Countries of the World
4
Find the US States
5
Risky Map Clicking: Biggest States A-Z
6
US States
7
Popular People in 1961
8
Movies - When Are They Set?
More Entertainment Quizzes
Horror Movies by Dead Meat Kill
Editor's Pick
Trending Quizzes
Risky Map Clicking: Least Populous States A-Z
1-10 Letter G Words
Risky Map Clicking: Next State Alphabetically
Adjectives in 80s TV Shows
The Seven Year Switch: Catherine
Recently Updated
Leaping Animals
pecheneg
Reality TV Shows (A-Z)
bhenderson79
Rickey Henderson's Hall of Fame Teammates
pecheneg
Champions League XIs: Arsenal
pecheneg
Quick Pick: Celebrities in WWE's Hall of Fame
aduchscher
A-Z Keypad Blitz II
pecheneg
Multiple Oscar Actors
pecheneg
Mystery Phrase Blitz: Oscar 'Best Actors'
pecheneg
F. Scott Fitzgerald Novels
LTH
Pick 3 Villains
ddd62291
Trending Topics
Marvel
Crossword
Anime
Kpop
NBA
Disney
Harry Potter
WWE
Pokémon
Song
NFL
The Office
Puzzle
Soccer
Country
Your Account Isn't Verified!
In order to create a playlist on Sporcle, you need to verify the email address you used during registration. Go to your
Sporcle Settings
to finish the process.
Report this User
Report this user for behavior that violates our
Community Guidelines
.
Details:
Send Report
Go to the Sporcle.com Mobile Site →
Comments